000 00752cab a2200241 4500
001 ABS56760
008 090401t1997 xxu||||| |||| 00| 0 eng d
035 _a(Sirsi) u77382
041 _aeng
245 _aBuilding: Careers
260 _c1997
350 _a0
490 _aBuilding
_vMarch 1997 (46)
520 _aSupplement looking at careers. Topics including organising CVs, planning interviews, choosing a career and four construction success stories.
650 _aCAREERS, EDUCATION AND TRAINING
650 _aCONSTRUCTION INDUSTRY
650 _aEMPLOYMENT MARKET
650 _aINTERVIEWS
650 _aPOSTGRADUATE COURSES
690 _aMANAGEMENT-BUSINESS MANAGEMENT-PROFESSIONAL PRACTICE
942 _n0
948 _c25/03/1997
999 _c48653
_d48653